<?xml version='1.0' encoding='UTF-8'?>
  <record xmlns="http://www.loc.gov/MARC21/slim">
    <leader>00000cam a22000001  4500</leader>
    <controlfield tag="001">ocm04336235</controlfield>
    <controlfield tag="003">OCoLC</controlfield>
    <controlfield tag="005">20250920225052.7</controlfield>
    <controlfield tag="008">820626s1842    enkf     b    000 0 eng  </controlfield>
    <datafield tag="010" ind1=" " ind2=" ">
      <subfield code="a">   10003432 </subfield>
    </datafield>
    <datafield tag="040" ind1=" " ind2=" ">
      <subfield code="a">NLM</subfield>
      <subfield code="b">eng</subfield>
      <subfield code="c">NLM</subfield>
      <subfield code="d">AZU</subfield>
      <subfield code="d">CGC</subfield>
      <subfield code="d">DRB</subfield>
      <subfield code="d">AU@</subfield>
      <subfield code="d">IOG</subfield>
      <subfield code="d">HUV</subfield>
      <subfield code="d">DEBBG</subfield>
      <subfield code="d">GBVCP</subfield>
      <subfield code="d">OCLCF</subfield>
      <subfield code="d">EUW</subfield>
      <subfield code="d">OCLCQ</subfield>
      <subfield code="d">OCLCO</subfield>
      <subfield code="d">OCLCA</subfield>
      <subfield code="d">OCLCQ</subfield>
      <subfield code="d">AOW</subfield>
      <subfield code="d">KIJ</subfield>
      <subfield code="d">PAU</subfield>
      <subfield code="d">OCLCQ</subfield>
      <subfield code="d">BUB</subfield>
      <subfield code="d">OCLCQ</subfield>
      <subfield code="d">NLM</subfield>
      <subfield code="d">OCLCO</subfield>
      <subfield code="d">EYM</subfield>
      <subfield code="d">OCLCL</subfield>
      <subfield code="d">CLU</subfield>
      <subfield code="d">OCLCO</subfield>
      <subfield code="d">CLU</subfield>
      <subfield code="d">OCLCL</subfield>
      <subfield code="d">OCLCQ</subfield>
      <subfield code="d">OCLCL</subfield>
      <subfield code="d">OCLCO</subfield>
    </datafield>
    <datafield tag="016" ind1="7" ind2=" ">
      <subfield code="a">60741180R</subfield>
      <subfield code="2">DNLM</subfield>
    </datafield>
    <datafield tag="019" ind1=" " ind2=" ">
      <subfield code="a">191966569</subfield>
      <subfield code="a">228671661</subfield>
      <subfield code="a">963306356</subfield>
      <subfield code="a">963636554</subfield>
      <subfield code="a">968462931</subfield>
      <subfield code="a">972821105</subfield>
      <subfield code="a">976623652</subfield>
      <subfield code="a">1004763078</subfield>
      <subfield code="a">1026947030</subfield>
      <subfield code="a">1027286272</subfield>
      <subfield code="a">1048995418</subfield>
      <subfield code="a">1051536539</subfield>
      <subfield code="a">1051603785</subfield>
      <subfield code="a">1056783248</subfield>
      <subfield code="a">1113373765</subfield>
      <subfield code="a">1113566598</subfield>
      <subfield code="a">1119515867</subfield>
      <subfield code="a">1160095674</subfield>
      <subfield code="a">1170350784</subfield>
      <subfield code="a">1181945241</subfield>
      <subfield code="a">1389510384</subfield>
    </datafield>
    <datafield tag="024" ind1="7" ind2=" ">
      <subfield code="a">urn:nbn:de:bvb:12-bsb10231703-0</subfield>
      <subfield code="2">urn</subfield>
    </datafield>
    <datafield tag="028" ind1="3" ind2="2">
      <subfield code="a">1842.</subfield>
    </datafield>
    <datafield tag="029" ind1="0" ind2=" ">
      <subfield code="a">NLM</subfield>
      <subfield code="b">60741180R</subfield>
    </datafield>
    <datafield tag="029" ind1="1" ind2=" ">
      <subfield code="a">AU@</subfield>
      <subfield code="b">000004170660</subfield>
    </datafield>
    <datafield tag="029" ind1="1" ind2=" ">
      <subfield code="a">AU@</subfield>
      <subfield code="b">000009382960</subfield>
    </datafield>
    <datafield tag="029" ind1="1" ind2=" ">
      <subfield code="a">NLGGC</subfield>
      <subfield code="b">060783214</subfield>
    </datafield>
    <datafield tag="029" ind1="1" ind2=" ">
      <subfield code="a">NZ1</subfield>
      <subfield code="b">13258183</subfield>
    </datafield>
    <datafield tag="029" ind1="1" ind2=" ">
      <subfield code="a">ZWZ</subfield>
      <subfield code="b">018821480</subfield>
    </datafield>
    <datafield tag="029" ind1="1" ind2=" ">
      <subfield code="a">AU@</subfield>
      <subfield code="b">000074735715</subfield>
    </datafield>
    <datafield tag="035" ind1=" " ind2=" ">
      <subfield code="a">(OCoLC)4336235</subfield>
      <subfield code="z">(OCoLC)191966569</subfield>
      <subfield code="z">(OCoLC)228671661</subfield>
      <subfield code="z">(OCoLC)963306356</subfield>
      <subfield code="z">(OCoLC)963636554</subfield>
      <subfield code="z">(OCoLC)968462931</subfield>
      <subfield code="z">(OCoLC)972821105</subfield>
      <subfield code="z">(OCoLC)976623652</subfield>
      <subfield code="z">(OCoLC)1004763078</subfield>
      <subfield code="z">(OCoLC)1026947030</subfield>
      <subfield code="z">(OCoLC)1027286272</subfield>
      <subfield code="z">(OCoLC)1048995418</subfield>
      <subfield code="z">(OCoLC)1051536539</subfield>
      <subfield code="z">(OCoLC)1051603785</subfield>
      <subfield code="z">(OCoLC)1056783248</subfield>
      <subfield code="z">(OCoLC)1113373765</subfield>
      <subfield code="z">(OCoLC)1113566598</subfield>
      <subfield code="z">(OCoLC)1119515867</subfield>
      <subfield code="z">(OCoLC)1160095674</subfield>
      <subfield code="z">(OCoLC)1170350784</subfield>
      <subfield code="z">(OCoLC)1181945241</subfield>
      <subfield code="z">(OCoLC)1389510384</subfield>
    </datafield>
    <datafield tag="041" ind1="0" ind2=" ">
      <subfield code="a">eng</subfield>
      <subfield code="b">fre</subfield>
      <subfield code="b">ger</subfield>
      <subfield code="b">lat</subfield>
    </datafield>
    <datafield tag="050" ind1=" " ind2="4">
      <subfield code="a">QE882.E2</subfield>
      <subfield code="b">O8 1842</subfield>
    </datafield>
    <datafield tag="060" ind1="0" ind2="0">
      <subfield code="a">QE</subfield>
      <subfield code="b">O97d 1842</subfield>
    </datafield>
    <datafield tag="082" ind1="0" ind2="4">
      <subfield code="a">599.313</subfield>
      <subfield code="2">21</subfield>
      <subfield code="1">https://id.oclc.org/worldcat/ddc/E3VrxmpyRQxjYWhbFjvpWMjWf6</subfield>
    </datafield>
    <datafield tag="084" ind1=" " ind2=" ">
      <subfield code="a">13</subfield>
      <subfield code="2">ssgn</subfield>
    </datafield>
    <datafield tag="084" ind1=" " ind2=" ">
      <subfield code="a">B3d6</subfield>
      <subfield code="q">UkBrU-I</subfield>
      <subfield code="2">cmedlit</subfield>
    </datafield>
    <datafield tag="100" ind1="1" ind2=" ">
      <subfield code="a">Owen, Richard,</subfield>
      <subfield code="d">1804-1892.</subfield>
      <subfield code="1">https://id.oclc.org/worldcat/entity/E39PBJycVBVqY9KphHCR9d9Rrq</subfield>
    </datafield>
    <datafield tag="245" ind1="1" ind2="0">
      <subfield code="a">Description of the skeleton of an extinct gigantic sloth,</subfield>
      <subfield code="b">Mylodon robustus, Owen, with observations on the osteology, natural affinities, and probable habits of the megatherioid quadrupeds in general.</subfield>
      <subfield code="c">By Richard Owen ... conservator of the Museum of the Royal college of surgeons in London. Pub. by direction of the Council.</subfield>
    </datafield>
    <datafield tag="260" ind1=" " ind2=" ">
      <subfield code="a">London,</subfield>
      <subfield code="b">Printed by R. and J.E. Taylor, sold by J. van Voorst,</subfield>
      <subfield code="c">1842.</subfield>
    </datafield>
    <datafield tag="300" ind1=" " ind2=" ">
      <subfield code="a">176 pages, 23 leaves, [4] pages XXIV plates</subfield>
    </datafield>
    <datafield tag="336" ind1=" " ind2=" ">
      <subfield code="a">text</subfield>
      <subfield code="b">txt</subfield>
      <subfield code="2">rdacontent</subfield>
    </datafield>
    <datafield tag="337" ind1=" " ind2=" ">
      <subfield code="a">unmediated</subfield>
      <subfield code="b">n</subfield>
      <subfield code="2">rdamedia</subfield>
    </datafield>
    <datafield tag="338" ind1=" " ind2=" ">
      <subfield code="a">volume</subfield>
      <subfield code="b">nc</subfield>
      <subfield code="2">rdacarrier</subfield>
    </datafield>
    <datafield tag="500" ind1=" " ind2=" ">
      <subfield code="a">Each plate accompanied by leaf with descriptive letterpress.</subfield>
    </datafield>
    <datafield tag="504" ind1=" " ind2=" ">
      <subfield code="a">Includes bibliographical references.</subfield>
    </datafield>
    <datafield tag="650" ind1=" " ind2="0">
      <subfield code="a">Sloths.</subfield>
    </datafield>
    <datafield tag="650" ind1=" " ind2="0">
      <subfield code="a">Paleontology.</subfield>
    </datafield>
    <datafield tag="650" ind1=" " ind2="2">
      <subfield code="a">Paleontology</subfield>
    </datafield>
    <datafield tag="650" ind1=" " ind2="2">
      <subfield code="a">Sloths</subfield>
    </datafield>
    <datafield tag="650" ind1=" " ind2="6">
      <subfield code="a">Paresseux (Mammifères)</subfield>
    </datafield>
    <datafield tag="650" ind1=" " ind2="6">
      <subfield code="a">Paléontologie.</subfield>
    </datafield>
    <datafield tag="650" ind1=" " ind2="7">
      <subfield code="a">paleontology.</subfield>
      <subfield code="2">aat</subfield>
    </datafield>
    <datafield tag="650" ind1=" " ind2="7">
      <subfield code="a">Sloths</subfield>
      <subfield code="2">fast</subfield>
    </datafield>
    <datafield tag="700" ind1="1" ind2=" ">
      <subfield code="a">Van Voorst, John,</subfield>
      <subfield code="d">active 1833-1886,</subfield>
      <subfield code="e">publisher.</subfield>
      <subfield code="1">https://id.oclc.org/worldcat/entity/E39PCjH6c9FMBMhkWJQBgYMhVC</subfield>
    </datafield>
    <datafield tag="710" ind1="2" ind2=" ">
      <subfield code="a">Richard and John Edward Taylor (Firm),</subfield>
      <subfield code="e">printer.</subfield>
      <subfield code="1">https://id.oclc.org/worldcat/entity/E39QH7JmpXRkRkWMkkY9JgMGTR</subfield>
    </datafield>
    <datafield tag="758" ind1=" " ind2=" ">
      <subfield code="i">has work:</subfield>
      <subfield code="a">Description of the skeleton of an extinct gigantic sloth, Mylodon robustus, Owen (Text)</subfield>
      <subfield code="1">https://id.oclc.org/worldcat/entity/E39PCFKPvRcPxKmh6Y63bj8dpK</subfield>
      <subfield code="4">https://id.oclc.org/worldcat/ontology/hasWork</subfield>
    </datafield>
    <datafield tag="776" ind1="0" ind2="8">
      <subfield code="i">Also issued on microfilm.</subfield>
      <subfield code="d">[Bethesda, Md.] : National Library of Medicine, 1993.</subfield>
      <subfield code="h">1 microfilm reel : negative ; 35 mm.</subfield>
    </datafield>
    <datafield tag="776" ind1="0" ind2="8">
      <subfield code="i">Online version:</subfield>
      <subfield code="a">Owen, Richard, 1804-1892. https://id.oclc.org/worldcat/entity/E39PBJycVBVqY9KphHCR9d9Rrq.</subfield>
      <subfield code="t">Description of the skeleton of an extinct gigantic sloth.</subfield>
      <subfield code="d">London, Printed by R. and J.E. Taylor, sold by J. van Voorst, 1842</subfield>
      <subfield code="w">(OCoLC)1503877829</subfield>
    </datafield>
    <datafield tag="856" ind1="4" ind2="1">
      <subfield code="u">https://archive.org/details/b21298701</subfield>
      <subfield code="z">UK Medical Heritage Library digital version</subfield>
    </datafield>
    <datafield tag="856" ind1="4" ind2=" ">
      <subfield code="u">http://www.mdz-nbn-resolving.de/urn/resolver.pl?urn=urn:nbn:de:bvb:12-bsb10231703-0</subfield>
      <subfield code="x">Resolving-System</subfield>
      <subfield code="z">kostenfrei</subfield>
      <subfield code="3">Volltext // 2010 digitalisiert von: Bayerische Staatsbibliothek, München. Exemplar der Bayerischen Staatsbibliothek mit der Signatur: 4 Zool. 277 e</subfield>
    </datafield>
    <datafield tag="856" ind1="4" ind2="1">
      <subfield code="3">1842</subfield>
      <subfield code="u">http://www.biodiversitylibrary.org//bibliography/49689</subfield>
      <subfield code="7">0</subfield>
      <subfield code="z">Access to the Biodiversity Heritage Library online version</subfield>
    </datafield>
  </record>